WW2 TANKS - Statistics

General Stats
  • This quiz has been taken 669 times
  • The average score is 7 of 15
Answer Stats
Hint Answer % Correct
British tank named after prime minister Churchill
88%
Soviet main tank T-34
84%
two story tall German tank Maus
72%
Backbone of America tank M4 sherman
67%
A German heavy tank that struck most fear into allies Tiger 2
63%
A German heavy tank Tiger 1
59%
Upgraded soviet main tank T-34-85
54%
British heavy tank named “queen of the desert” Matilda
34%
American tank destroyer with open top Hellcat
31%
Three turret American tank M3 lee
28%
What American tank was used in Vietnam and ww2 Pershing
28%
Heavy French tank B1
27%
The tank that was in “Fury” M4A3E8
22%
A medium German tank Panther 1
14%
French light tank AMX 40
2%
No matching quizzes found
Score Distribution
Percent of People with Each Score
Percentile by Number Answered
Your Score History
You have not taken this quiz